000 00290nam a22001337a 4500
020 _a02-5000-181208
082 _a894.812
_bAMO/H
100 _aPRASAD AMOR
245 _aHIPNOTISM
260 _aTHRICHUR
_bH & C PUBLICATIONS
300 _a64
650 _aENTERTAINMENT
_zKERALA
942 _cBK
999 _c1034
_d1034